[Event "37th Reykjavik op"]
[Site "Reykjavik ISL"]
[Date "2024.03.19"]
[Round "7.45"]
[White "Kazarian, Anna-Maja"]
[Black "Javet, Blaise"]
[WhiteElo "2206"]
[BlackElo "1942"]
[Result "1-0"]
[EventDate "2024.03.15"]
[PlyCount "51"]

1. e4 {[%eval 13,0]} c5 {[%eval 33,0]} 2. Nf3 {[%eval 22,0]} d6 {[%eval 0,0]}
3. d4 {[%eval 18,0]} cxd4 {[%eval 13,0]} 4. Nxd4 {[%eval 27,0]} Nf6 {[%eval 3,
0]} 5. Nc3 {[%eval 21,0]} a6 {[%eval 24,0]} 6. Be3 {[%eval 16,0]} e6 {[%eval
35,0]} 7. f3 {[%eval 17,0]} Nc6 {[%eval 58,0]} 8. g4 {[%eval 81,0]} Qc7 {
[%eval 111,0]} 9. g5 {[%eval 116,0]} Nd7 {[%eval 122,0]} 10. Qd2 {[%eval 85,0]}
Nxd4 {[%eval 94,0]} 11. Bxd4 {[%eval 100,0]} b5 {[%eval 105,0]} 12. O-O-O {
[%eval 116,0]} b4 {[%eval 129,0]} 13. Na4 {[%eval 129,0]} Rb8 {[%eval 151,0]}
14. Kb1 {[%eval 139,0]} Bb7 {[%eval 154,0]} 15. b3 {[%eval 154,0]} Bc6 {
[%eval 106,0]} 16. Bxa6 {[%eval 156,0]} Qa5 {[%eval 178,0]} 17. Bc4 {[%eval
199,0]} Bxa4 {[%eval 239,0]} 18. bxa4 {[%eval 218,0]} Qxa4 {[%eval 246,0]} 19.
f4 {[%eval 264,0]} Qc6 {[%eval 282,0]} 20. Qe2 {[%eval 298,0]} Nc5 {[%eval 273,
0]} 21. f5 {[%eval 265,0]} Nxe4 $6 {[%eval 344,0] Inaccuracy. Na4 was best.} (
21... Na4 22. fxe6) 22. fxe6 {[%eval 342,0]} Nc3+ $6 {[%eval 403,0] Inaccuracy.
fxe6 was best.} (22... fxe6 23. Bxe6 d5 24. Qh5+ g6 25. Qg4 Bd6 26. Rhe1 Nc3+
27. Bxc3 bxc3+ 28. Ka1 Kd8 29. Bxd5) 23. Bxc3 {[%eval 396,0]} bxc3+ {[%eval
396,0]} 24. Bb3 $6 {[%eval 303,0] Inaccuracy. Ka1 was best.} (24. Ka1 fxe6 25.
Qxe6+ Kd8 26. Rhe1 Rb4 27. Bb3 Qd7 28. Qd5 Qb7 29. Qa5+ Qb6 30. Qa8+ Qb8) 24...
fxe6 {[%eval 369,0]} 25. Qxe6+ {[%eval 333,0]} Be7 {[%eval 400,0]} 26. Rhe1 {
[%eval 382,0]} 1-0

[Event "37th Reykjavik op"]
[Site "Reykjavik ISL"]
[Date "2024.03.19"]
[Round "7.69"]
[White "Mueller, Magnus"]
[Black "Kjartansson, Matthias Bjoergvin"]
[WhiteElo "2144"]
[BlackElo "1893"]
[Result "0-1"]
[EventDate "2024.03.15"]
[PlyCount "132"]

1. d4 Nf6 2. Bf4 d5 3. e3 Bf5 4. Bd3 Bg6 5. f3 e6 6. Nc3 Bb4 7. Nge2 Nbd7 8. g4
c5 9. h4 cxd4 10. exd4 a6 11. h5 Bxd3 12. Qxd3 h6 13. O-O-O Nb6 14. a3 Bd6 15.
Bxd6 Qxd6 16. Kb1 O-O-O 17. Ka2 Kb8 18. b3 Rd7 19. Qe3 Rc8 20. Qe5 Ka7 21. Qxd6
Rxd6 22. Kb2 Rdc6 23. Rd2 Ne8 24. Nd1 Nd6 25. Ne3 Nd7 26. Rg1 Nf6 27. Nf4 Nh7
28. Rf1 Ng5 29. a4 Rb6 30. Rd3 Rbc6 31. Rd2 Rb6 32. Ka2 Rbc6 33. Nd3 Rc3 34.
Re2 R3c7 35. Kb2 b6 36. Kc1 Rc3 37. Kd2 R3c7 38. Ree1 Nb7 39. Rc1 Na5 40. Ke2
Nc6 41. c3 Na5 42. b4 Nb3 43. Nd1 Nxc1+ 44. Nxc1 Rxc3 45. Nxc3 Rxc3 46. Nd3 Kb7
47. f4 Ne4 48. Ke3 Nd6 49. Rc1 Nc4+ 50. Ke2 Rxc1 51. Nxc1 Nb2 52. g5 Nxa4 53.
Nd3 Nc3+ 54. Ke1 Ne4 55. gxh6 gxh6 56. f5 exf5 57. Ne5 Ng5 58. Kd2 f4 59. Nd3
Ne4+ 60. Ke2 Ng3+ 61. Kf3 Nxh5 62. Kg4 Ng7 63. Kxf4 f6 64. Nf2 h5 65. Nd1 Kc6
66. Nc3 Ne6+ 0-1

[Event "37th Reykjavik op"]
[Site "Reykjavik ISL"]
[Date "2024.03.19"]
[Round "7.89"]
[White "Wolff, Michael"]
[Black "Pollack, Oscar"]
[WhiteElo "1874"]
[BlackElo "2092"]
[Result "0-1"]
[EventDate "2024.03.15"]
[PlyCount "64"]

1. e4 e6 2. d4 d5 3. Nc3 Bb4 4. Nge2 Nc6 5. e5 Nge7 6. a3 Ba5 7. b4 Bb6 8. Na4
Nf5 9. c3 O-O 10. g3 f6 11. Nxb6 axb6 12. f4 Bd7 13. Bg2 Nce7 14. exf6 gxf6 15.
O-O Qe8 16. Bd2 Nd6 17. Re1 Nc4 18. Nc1 Qg6 19. Be3 Nxa3 20. Nd3 Nc4 21. f5
Nxf5 22. Nf4 Nfxe3 23. Nxg6 Nxd1 24. Nxf8 Rxa1 25. Nxd7 Kf7 26. Bf3 Nce3 27. c4
dxc4 28. Bxb7 c3 29. Be4 Ra2 30. Nb8 f5 31. Bd3 Rg2+ 32. Kh1 Nf2# 0-1

[Event "37th Reykjavik op"]
[Site "Reykjavik ISL"]
[Date "2024.03.19"]
[Round "7.108"]
[White "Kononova, Alina"]
[Black "Manukonda, Arun"]
[WhiteElo "1807"]
[BlackElo "1974"]
[Result "0-1"]
[EventDate "2024.03.15"]
[PlyCount "56"]

1. e4 c5 (1... e5) 2. Nf3 d6 3. d4 cxd4 4. Nxd4 Nf6 5. Nc3 a6 6. g3 Nc6 7. Bg2
e5 8. Nde2 Be7 9. O-O Bg4 10. Be3 Rc8 11. h3 Be6 12. Nd5 Bxd5 13. exd5 Nb8 14.
a4 O-O 15. g4 h5 16. Ng3 hxg4 17. hxg4 Rc4 18. Bf3 Qd7 19. b3 Rxg4 20. Bxg4
Nxg4 21. Qd2 f5 22. f4 Rf6 23. fxe5 dxe5 24. Bg5 Bc5+ 25. Kg2 f4 26. Bxf6 Ne3+
27. Kf3 Qg4+ 28. Ke4 f3+ 0-1

[Event "37th Reykjavik op"]
[Site "Reykjavik ISL"]
[Date "2024.03.19"]
[Round "7.163"]
[White "Clare, Philip"]
[Black "Magnussen, Petur Gardar"]
[WhiteElo "1607"]
[BlackElo "1727"]
[Result "0-1"]
[EventDate "2024.03.15"]
[PlyCount "129"]

1. c4 Nf6 2. Nc3 e6 3. g3 d5 4. cxd5 exd5 5. d4 Bb4 6. e3 Bf5 7. Nge2 Be4 8.
Rg1 Ng4 9. Bd2 Nxh2 10. Bg2 Bxg2 11. Rxg2 Nf3+ 12. Kf1 c6 13. Nf4 Nxd2+ 14.
Qxd2 Nd7 15. a3 Bd6 16. e4 dxe4 17. Nxe4 Bxf4 18. Qxf4 O-O 19. Nd6 Qf6 20. Nf5
Nb6 21. Rh2 Nd5 22. Qg4 Qg6 23. Qf3 Rfe8 24. Kg2 Ne7 25. Rh5 Nxf5 26. Rxf5 Re6
27. Re5 Rd8 28. Qe3 Rxe5 29. Qxe5 Qd6 30. Re1 Kf8 31. Re4 Qxe5 32. dxe5 Rd2 33.
Rb4 b5 34. a4 a5 35. Rb3 b4 36. Kf3 c5 37. Ke3 Rc2 38. Kd3 Rxf2 39. Kc4 Rc2+
40. Kb5 c4 41. Re3 b3 42. Kxa5 Rxb2 43. Kb4 Rc2 44. Rc3 b2 45. Rxc2 b1=Q+ 46.
Kc3 Qb3+ 47. Kd2 Qxa4 48. Rc3 Ke7 49. Ke3 Qb4 50. Kd4 Ke6 51. Rxc4 Qxc4+ 52.
Kxc4 Kxe5 53. Kd3 Kf5 54. Ke3 Kg4 55. Kf2 g5 56. Kg2 f5 57. Kh2 h5 58. Kg2 h4
59. gxh4 Kxh4 60. Kf2 g4 61. Kg2 f4 62. Kg1 Kh3 63. Kh1 g3 64. Kg1 g2 65. Kf2
0-1

[Event "37th Reykjavik op"]
[Site "Reykjavik ISL"]
[Date "2024.03.20"]
[Round "8.1"]
[White "Xu, Xiangyu"]
[Black "Suleymenov, Alisher"]
[WhiteElo "2623"]
[BlackElo "2506"]
[Result "1/2-1/2"]
[EventDate "2024.03.15"]
[PlyCount "89"]

1. d4 {[%eval 17,0]} d5 {[%eval 25,0]} 2. c4 {[%eval 26,0]} e6 {[%eval 28,0]}
3. Nc3 {[%eval 24,0]} Nf6 {[%eval 21,0]} 4. cxd5 {[%eval 39,0]} exd5 {[%eval
25,0]} 5. Bg5 {[%eval 19,0]} Bb4 {[%eval 53,0]} 6. Qc2 {[%eval 7,0]} h6 {
[%eval 22,0]} 7. Bh4 {[%eval 3,0]} O-O {[%eval 17,0]} 8. e3 {[%eval 19,0]} c5 {
[%eval 14,0]} 9. dxc5 {[%eval 22,0]} Nc6 {[%eval 33,0]} 10. Nf3 {[%eval 31,0]}
Be6 {[%eval 21,0]} 11. Bb5 {[%eval 27,0]} Bxc5 {[%eval 23,0]} 12. O-O {[%eval
22,0]} Be7 {[%eval 31,0]} 13. Rfd1 {[%eval 25,0]} Qb6 {[%eval 37,0]} 14. Bxc6 {
[%eval 38,0]} bxc6 {[%eval 61,0]} 15. Na4 {[%eval 56,0]} Qb7 {[%eval 63,0]} 16.
Nd4 {[%eval 59,0]} Rac8 {[%eval 85,0]} 17. Bxf6 {[%eval 9,0]} Bxf6 {[%eval 98,
0]} 18. Rac1 $6 {[%eval 26,0] Inaccuracy. Nc5 was best.} (18. Nc5 Qe7 19. Rac1
Bg4 20. Rd2 Bh5 21. Qf5 Bxd4 22. Rxd4 Bg6 23. Qg4 Rb8 24. Qd7 Qf6) 18... Bg4 {
[%eval 25,0]} 19. Rd3 {[%eval 0,0]} c5 {[%eval 0,0]} 20. Rb3 {[%eval 0,0]} Qa8
{[%eval 0,0]} 21. Nxc5 {[%eval 0,0]} Rxc5 {[%eval 0,0]} 22. Qxc5 {[%eval 0,0]}
Rc8 {[%eval 0,0]} 23. Qc6 {[%eval 11,0]} Kh7 {[%eval 0,0]} 24. h3 {[%eval 12,0]
} Rxc6 {[%eval 24,0]} 25. Nxc6 {[%eval 2,0]} Bd7 {[%eval 23,0]} 26. Rb8 {
[%eval 12,0]} Qxc6 {[%eval 17,0]} 27. Rxc6 {[%eval 28,0]} Bxc6 {[%eval 29,0]}
28. Rc8 {[%eval 7,0]} Bb5 {[%eval 13,0]} 29. Rc5 {[%eval 7,0]} a6 {[%eval 9,0]}
30. b3 {[%eval 12,0]} d4 {[%eval 7,0]} 31. a4 {[%eval 0,0]} Be2 $6 {[%eval 85,
0] Inaccuracy. Be7 was best.} (31... Be7 32. Re5 Bf6 33. Rc5) 32. exd4 {
[%eval 75,0]} Bxd4 {[%eval 89,0]} 33. Rc2 {[%eval 78,0]} Bh5 {[%eval 58,0]} 34.
b4 {[%eval 43,0]} f6 {[%eval 5,0]} 35. Rc6 {[%eval 62,0]} Be2 {[%eval 4,0]} 36.
Re6 {[%eval 28,0]} Be5 {[%eval 3,0]} 37. f4 {[%eval 41,0]} Bc4 {[%eval 55,0]}
38. Rc6 {[%eval 65,0]} Bd4+ $6 {[%eval 121,0] Inaccuracy. Bd5 was best.} (38...
Bd5) 39. Kh1 $6 {[%eval 17,0] Inaccuracy. Kh2 was best.} (39. Kh2) 39... Bf1 {
[%eval 19,0]} 40. Rc1 {[%eval 19,0]} Be2 {[%eval 35,0]} 41. Re1 {[%eval 17,0]}
Bh5 {[%eval 29,0]} 42. Re6 {[%eval 22,0]} Bc3 {[%eval 18,0]} 43. b5 {[%eval 12,
0]} axb5 {[%eval 16,0]} 44. axb5 {[%eval 19,0]} Bd2 {[%eval 28,0]} 45. b6 {
[%eval 15,0]} 1/2-1/2

[Event "37th Reykjavik op"]
[Site "Reykjavik ISL"]
[Date "2024.03.20"]
[Round "8.2"]
[White "Deac, Bogdan-Daniel"]
[Black "Stefansson, Hannes"]
[WhiteElo "2690"]
[BlackElo "2481"]
[Result "1-0"]
[EventDate "2024.03.15"]
[PlyCount "99"]

1. e4 {[%eval 13,0]} e5 {[%eval 17,0]} 2. Nf3 {[%eval 21,0]} Nc6 {[%eval 13,0]}
3. Bb5 {[%eval 21,0]} Nf6 {[%eval 12,0]} 4. d3 {[%eval 25,0]} Bc5 {[%eval 22,0]
} 5. O-O {[%eval 4,0]} Nd4 {[%eval 0,0]} 6. Nxd4 {[%eval 0,0]} Bxd4 {[%eval 0,
0]} 7. c3 {[%eval 1,0]} Bb6 {[%eval 1,0]} 8. Ba4 {[%eval 5,0]} O-O {[%eval 8,0]
} 9. Bg5 {[%eval 31,0]} h6 {[%eval 33,0]} 10. Bh4 {[%eval 23,0]} d6 {[%eval 33,
0]} 11. Nd2 {[%eval 19,0]} g5 {[%eval 13,0]} 12. Bg3 {[%eval 1,0]} Bg4 {
[%eval 22,0]} 13. Qe1 {[%eval 11,0]} Nh5 {[%eval 14,0]} 14. Bd1 {[%eval 2,0]}
Qd7 {[%eval 31,0]} 15. Nc4 {[%eval 29,0]} Bxd1 {[%eval 59,0]} 16. Qxd1 {
[%eval 46,0]} Nxg3 {[%eval 47,0]} 17. hxg3 {[%eval 5,0]} d5 {[%eval 54,0]} 18.
exd5 {[%eval 51,0]} Qxd5 {[%eval 5,0]} 19. Qe2 {[%eval 54,0]} Rad8 {[%eval 52,
0]} 20. Rad1 {[%eval 59,0]} Rfe8 {[%eval 5,0]} 21. Rfe1 {[%eval 65,0]} Re6 {
[%eval 74,0]} 22. Qe4 {[%eval 7,0]} f5 $6 {[%eval 103,0] Inaccuracy. Kg7 was
best.} (22... Kg7) 23. Qxd5 {[%eval 129,0]} Rxd5 {[%eval 137,0]} 24. d4 {
[%eval 132,0]} e4 {[%eval 144,0]} 25. a4 {[%eval 135,0]} f4 {[%eval 127,0]} 26.
gxf4 {[%eval 124,0]} gxf4 {[%eval 131,0]} 27. Ne5 $6 {[%eval 64,0] Inaccuracy.
Rd2 was best.} (27. Rd2) 27... c5 $6 {[%eval 135,0] Inaccuracy. e3 was best.} (
27... e3 28. Nd3) 28. Rxe4 {[%eval 127,0]} cxd4 {[%eval 142,0]} 29. cxd4 {
[%eval 148,0]} Bxd4 {[%eval 165,0]} 30. Rexd4 {[%eval 105,0]} Rxd4 {[%eval 138,
0]} 31. Rxd4 {[%eval 147,0]} Rxe5 {[%eval 159,0]} 32. Rxf4 {[%eval 157,0]} b5 {
[%eval 105,0]} 33. a5 $2 {[%eval 35,0] Mistake. b3 was best.} (33. b3) 33... b4
{[%eval 4,0]} 34. Rxb4 {[%eval 31,0]} Rxa5 {[%eval 4,0]} 35. Rb7 {[%eval 7,0]}
Ra2 {[%eval 1,0]} 36. Kh2 {[%eval 1,0]} a5 {[%eval 1,0]} 37. f4 {[%eval 11,0]}
a4 {[%eval 11,0]} 38. Kh3 {[%eval 6,0]} a3 {[%eval 6,0]} 39. bxa3 {[%eval 6,0]}
Rxa3+ {[%eval 6,0]} 40. Kg4 {[%eval 8,0]} Ra2 {[%eval 1,0]} 41. g3 {[%eval 2,0]
} Ra3 {[%eval 2,0]} 42. Rc7 {[%eval 2,0]} Rb3 {[%eval 3,0]} 43. Kh4 {[%eval 8,
0]} Rf3 {[%eval 8,0]} 44. Ra7 {[%eval 8,0]} Kh8 {[%eval 11,0]} 45. Rb7 {
[%eval 11,0]} Kg8 {[%eval 1,0]} 46. Re7 {[%eval 3,0]} Kh8 {[%eval 5,0]} 47. Kg4
{[%eval 7,0]} Ra3 {[%eval 7,0]} 48. f5 {[%eval 7,0]} Kg8 $4 {[%eval 531,0]
Blunder. Ra5 was best.} (48... Ra5 49. Rf7 Kg8 50. Rc7 Rb5 51. Ra7 Rd5 52. Ra4
Kf7 53. Ra8 Kg7 54. Ra6 Rb5 55. Rg6+) 49. Kh4 {[%eval 473,0]} Rb3 {[%eval 562,
0]} 50. g4 {[%eval 548,0]} 1-0

[Event "37th Reykjavik op"]
[Site "Reykjavik ISL"]
[Date "2024.03.20"]
[Round "8.3"]
[White "Zhu, Jiner"]
[Black "Moussard, Jules"]
[WhiteElo "2467"]
[BlackElo "2621"]
[Result "1/2-1/2"]
[EventDate "2024.03.15"]
[PlyCount "115"]

1. e4 {[%eval 13,0]} c5 {[%eval 33,0]} 2. Nf3 {[%eval 22,0]} d6 {[%eval 0,0]}
3. d4 {[%eval 18,0]} cxd4 {[%eval 13,0]} 4. Nxd4 {[%eval 27,0]} Nf6 {[%eval 3,
0]} 5. Nc3 {[%eval 21,0]} a6 {[%eval 24,0]} 6. Be3 {[%eval 3,0]} e6 {[%eval 35,
0]} 7. Be2 {[%eval 37,0]} Qc7 {[%eval 39,0]} 8. Qd2 {[%eval 49,0]} b5 {[%eval
55,0]} 9. a3 {[%eval 48,0]} h5 {[%eval 46,0]} 10. f3 {[%eval 49,0]} Nbd7 {
[%eval 6,0]} 11. O-O-O {[%eval 52,0]} Be7 {[%eval 48,0]} 12. h3 {[%eval 38,0]}
h4 {[%eval 42,0]} 13. Rhe1 {[%eval 17,0]} Rb8 {[%eval 25,0]} 14. f4 {[%eval 0,
0]} Bb7 {[%eval 2,0]} 15. e5 {[%eval 0,0]} dxe5 {[%eval 3,0]} 16. fxe5 {
[%eval 6,0]} Ne4 $2 {[%eval 115,0] Mistake. Nxe5 was best.} (16... Nxe5) 17.
Nxe4 {[%eval 124,0]} Bxe4 {[%eval 126,0]} 18. Bg5 {[%eval 128,0]} Nc5 $6 {
[%eval 109,0] Inaccuracy. Bxg5 was best.} (18... Bxg5 19. Qxg5) 19. Bxe7 {
[%eval 192,0]} Qxe7 {[%eval 201,0]} 20. Bf3 $6 {[%eval 132,0] Inaccuracy. b4
was best.} (20. b4 Na4 21. Bxb5+ axb5 22. Rxe4 Rd8 23. Rg4 g6 24. Qe1 Rd5 25.
Nf3 Rxd1+ 26. Qxd1 Qa7) 20... Bxf3 {[%eval 125,0]} 21. Nxf3 {[%eval 105,0]} O-O
{[%eval 123,0]} 22. Kb1 {[%eval 132,0]} Rfc8 {[%eval 138,0]} 23. Qf4 {[%eval
155,0]} a5 $6 {[%eval 222,0] Inaccuracy. Nd7 was best.} (23... Nd7 24. Rd4) 24.
Ng5 {[%eval 188,0]} f6 {[%eval 239,0]} 25. exf6 {[%eval 232,0]} Qxf6 {[%eval
226,0]} 26. Qxf6 {[%eval 216,0]} gxf6 {[%eval 214,0]} 27. Nxe6 {[%eval 221,0]}
Kf7 {[%eval 217,0]} 28. Nxc5 $6 {[%eval 155,0] Inaccuracy. Nd4 was best.} (28.
Nd4) 28... Rxc5 {[%eval 164,0]} 29. Rd7+ {[%eval 171,0]} Kg6 {[%eval 106,0]}
30. Re4 {[%eval 132,0]} Rg5 {[%eval 163,0]} 31. Rxh4 $6 {[%eval 103,0]
Inaccuracy. Rd2 was best.} (31. Rd2 Rh8 32. Ka2 Rc5 33. a4 b4 34. Rg4+ Kf7 35.
Kb3 f5 36. Rc4 Rxc4 37. Kxc4 Rb8) 31... Rxg2 {[%eval 94,0]} 32. Rg4+ $6 {
[%eval 28,0] Inaccuracy. Ra7 was best.} (32. Ra7 a4) 32... Rxg4 {[%eval 28,0]}
33. hxg4 {[%eval 34,0]} Kg5 {[%eval 44,0]} 34. Rd4 {[%eval 37,0]} Rh8 {[%eval
55,0]} 35. b4 $6 {[%eval 0,0] Inaccuracy. a4 was best.} (35. a4 b4) 35... axb4
{[%eval 0,0]} 36. axb4 {[%eval 6,0]} Rh4 {[%eval 17,0]} 37. c3 {[%eval 0,0]}
Rh2 {[%eval 47,0]} 38. Kc1 {[%eval 82,0]} Re2 $6 {[%eval 157,0] Inaccuracy.
Rg2 was best.} (38... Rg2 39. Rd5+ Kxg4 40. Rxb5 Kf4 41. Rb8 Ke4 42. c4 f5 43.
c5 Kd5 44. Rd8+ Kc6 45. Rd6+) 39. Kd1 $2 {[%eval 35,0] Mistake. Rd6 was best.}
(39. Rd6) 39... Ra2 {[%eval 42,0]} 40. Rd6 {[%eval 7,0]} Rg2 $4 {[%eval 182,0]
Blunder. f5 was best.} (40... f5 41. gxf5 Kxf5 42. Rd5+ Ke4 43. Rd2 Ra1+ 44.
Kc2 Ra2+ 45. Kc1 Ra1+ 46. Kb2 Rg1 47. Rd8) 41. Rb6 {[%eval 108,0]} Rh2 {
[%eval 226,0]} 42. Rxb5+ {[%eval 228,0]} Kxg4 {[%eval 234,0]} 43. c4 {[%eval
219,0]} Kf4 {[%eval 228,0]} 44. c5 {[%eval 218,0]} Ke5 {[%eval 223,0]} 45. Rb6
{[%eval 205,0]} f5 {[%eval 201,0]} 46. b5 $4 {[%eval 1,0] Blunder. c6 was best.
} (46. c6 Kd6 47. b5 Rh7 48. Ke2 Ra7 49. Rb8 f4 50. Rf8 Kc5 51. Rf5+ Kb6 52.
Kf3 Ra4) 46... Kd4 {[%eval 21,0]} 47. c6 {[%eval 0,0]} Kd3 {[%eval 0,0]} 48.
Ke1 {[%eval 0,0]} Ke3 {[%eval 0,0]} 49. Kf1 {[%eval 0,0]} Kf3 {[%eval 0,0]} 50.
Kg1 {[%eval 0,0]} Rg2+ {[%eval 0,0]} 51. Kh1 {[%eval 0,0]} Rc2 {[%eval 0,0]}
52. Rb7 {[%eval 0,0]} Rc5 {[%eval 0,0]} 53. Rb8 {[%eval 0,0]} f4 {[%eval 0,0]}
54. Rg8 {[%eval 0,0]} Kf2 {[%eval 0,0]} 55. Rh8 {[%eval 0,0]} Kg3 {[%eval 0,0]}
56. Rg8+ {[%eval 0,0]} Kf2 {[%eval 0,0]} 57. Rh8 {[%eval 0,0]} Kg3 {[%eval 0,0]
} 58. Rg8+ {[%eval 0,0]} 1/2-1/2

[Event "37th Reykjavik op"]
[Site "Reykjavik ISL"]
[Date "2024.03.20"]
[Round "8.4"]
[White "Hjartarson, Johann"]
[Black "Pultinevicius, Paulius"]
[WhiteElo "2460"]
[BlackElo "2575"]
[Result "0-1"]
[EventDate "2024.03.15"]
[PlyCount "119"]

1. e4 {[%eval 13,0]} c6 {[%eval 24,0]} 2. d4 {[%eval 28,0]} d5 {[%eval 31,0]}
3. e5 {[%eval 19,0]} Bf5 {[%eval 38,0]} 4. h4 {[%eval 16,0]} h5 {[%eval 14,0]}
5. Bd3 {[%eval 16,0]} Bxd3 {[%eval 17,0]} 6. Qxd3 {[%eval 14,0]} Qa5+ {[%eval
26,0]} 7. Nd2 {[%eval 2,0]} e6 {[%eval 37,0]} 8. Ngf3 {[%eval 37,0]} Nh6 {
[%eval 29,0]} 9. O-O {[%eval 35,0]} Nf5 {[%eval 32,0]} 10. Nb3 {[%eval 26,0]}
Qa6 {[%eval 32,0]} 11. Qd1 {[%eval 32,0]} b6 {[%eval 27,0]} 12. Bg5 {[%eval 28,
0]} c5 {[%eval 29,0]} 13. dxc5 {[%eval 28,0]} Bxc5 {[%eval 34,0]} 14. c3 {
[%eval 29,0]} Nc6 {[%eval 25,0]} 15. Re1 {[%eval 28,0]} Rc8 {[%eval 32,0]} 16.
Nxc5 {[%eval 27,0]} bxc5 {[%eval 24,0]} 17. b3 {[%eval 26,0]} Rc7 {[%eval 28,0]
} 18. Qd2 {[%eval 27,0]} Rd7 {[%eval 32,0]} 19. Red1 {[%eval 29,0]} Qb7 {
[%eval 28,0]} 20. Rac1 {[%eval 19,0]} a5 {[%eval 35,0]} 21. Qe2 {[%eval 34,0]}
Qb8 {[%eval 38,0]} 22. g3 {[%eval 3,0]} Qb7 {[%eval 46,0]} 23. Bf4 {[%eval 37,
0]} Rd8 {[%eval 49,0]} 24. Ne1 {[%eval 7,0]} a4 {[%eval 1,0]} 25. Rb1 {[%eval
14,0]} axb3 {[%eval 12,0]} 26. axb3 {[%eval 19,0]} Rb8 {[%eval 25,0]} 27. Kh2 {
[%eval 7,0]} d4 {[%eval 18,0]} 28. c4 {[%eval 23,0]} Nb4 {[%eval 21,0]} 29. Nd3
$6 {[%eval 38,0] Inaccuracy. Ra1 was best.} (29. Ra1 Qc6 30. Bg5 Ra8 31. Bd2
Na2 32. Nf3 O-O 33. Ng5 g6 34. Qd3 Rfb8 35. Ne4 Ra3) 29... Nxd3 {[%eval 36,0]}
30. Rxd3 {[%eval 42,0]} Qa8 {[%eval 3,0]} 31. Rd2 {[%eval 36,0]} Rb6 {[%eval
21,0]} 32. Ra2 {[%eval 19,0]} Qb7 {[%eval 2,0]} 33. Rba1 {[%eval 53,0]} O-O {
[%eval 69,0]} 34. Ra7 {[%eval 51,0]} Qc6 {[%eval 41,0]} 35. Qd3 {[%eval 47,0]}
Rfb8 {[%eval 75,0]} 36. R1a3 {[%eval 78,0]} R6b7 {[%eval 78,0]} 37. R7a6 {
[%eval 88,0]} Qc7 $6 {[%eval 5,0] Inaccuracy. Qc8 was best.} (37... Qc8 38.
R6a5 Ne7 39. Qf3 Ng6 40. R5a4 Qd8 41. Ra6 Nxf4 42. Qxf4 Rxb3 43. Ra2 Qc7 44.
Ra7) 38. Qf3 {[%eval 18,0]} Qd7 {[%eval 0,0]} 39. Qxh5 {[%eval 0,0]} d3 {
[%eval 0,0]} 40. Qd1 {[%eval 26,0]} Qd4 {[%eval 49,0]} 41. Kh3 $2 {[%eval -21,
0] Mistake. Kg2 was best.} (41. Kg2 Rd7 42. Ra7 Rxa7 43. Rxa7 Qe4+ 44. Qf3 Qe2
45. Bg5 Rxb3 46. Rd7 Ra3 47. g4 Ra1) 41... Qe4 {[%eval -35,0]} 42. R6a5 {
[%eval -21,0]} Qe2 {[%eval -71,0]} 43. Qd2 $4 {[%eval -345,0] Blunder. Ra1 was
best.} (43. Ra1) 43... Nd4 $4 {[%eval 75,0] Blunder. Qf1+ was best.} (43...
Qf1+ 44. Kg4 Rd7 45. Ra7 Rd4 46. Ra1 Qg2 47. Kg5 Nh6 48. h5 Qf3 49. Qd1 Rxf4
50. Qxf3) 44. b4 {[%eval 87,0]} Qf1+ {[%eval 78,0]} 45. Kg4 {[%eval 64,0]} Qe2+
{[%eval 77,0]} 46. Kh3 {[%eval 97,0]} cxb4 {[%eval 83,0]} 47. Rxd3 {[%eval 82,
0]} b3 $6 {[%eval 19,0] Inaccuracy. Qf1+ was best.} (47... Qf1+ 48. Kg4) 48.
Rxd4 {[%eval 18,0]} Qf1+ {[%eval 26,0]} 49. Kg4 {[%eval 1,0]} b2 {[%eval 7,0]}
50. Rd8+ {[%eval 9,0]} Kh7 {[%eval 13,0]} 51. Qc2+ {[%eval 15,0]} g6 {[%eval 1,
0]} 52. Rd1 {[%eval 15,0]} b1=Q {[%eval 18,0]} 53. Rxb1 {[%eval 21,0]} Rxb1 {
[%eval 25,0]} 54. h5 $4 {[%eval -397,0] Blunder. Ra7 was best.} (54. Ra7 R8b7
55. Rxb7 Rxb7 56. c5 Rb4 57. h5 Qh1 58. hxg6+ fxg6 59. Kg5 Qh6+ 60. Kf6 Qg7+)
54... Qh1 {[%eval -376,0]} 55. hxg6+ {[%eval -378,0]} fxg6 {[%eval -385,0]} 56.
Ra7+ {[%eval -399,0]} R1b7 {[%eval -357,0]} 57. Rxb7+ {[%eval -372,0]} Rxb7 {
[%eval -375,0]} 58. Kg5 {[%eval -384,0]} Kg8 {[%eval -395,0]} 59. Kf6 Rf7+ 60.
Kxe6 0-1